| 000 | 00665cam a2200205 4500 | ||
|---|---|---|---|
| 001 | D15505 | ||
| 008 | 090401t1984 xxu||||| |||| 00| 0 eng d | ||
| 035 | _a(Sirsi) u23256 | ||
| 041 | _aeng | ||
| 050 | _a711.1 | ||
| 110 |
_aRoyal Institution of Chartered Surveyors _94900 |
||
| 245 | _aIncentives for minerals development. One-day conference, [at RICS], 7 June 1984 | ||
| 260 |
_aLondon _bSurveyors` Technical Services _c1984 |
||
| 300 | _a3 papers | ||
| 350 | _a0 | ||
| 520 | _aFiled in box RICS 1984/17 Papers also catalogued separately. | ||
| 710 |
_aMinerals Division and Institution of Mining and Metallurgy _91110 |
||
| 942 | _n0 | ||
| 948 | _c04/03/1997 | ||
| 999 |
_c88365 _d88365 |
||